000 00951cab a2200241 4500
001 A88
008 090401t1990 xxu||||| |||| 00| 0 eng d
035 _a(Sirsi) u32241
041 _aeng
100 _aLaverty, Robert
245 4 _aThe Hydrographic Department in the 21st Century
260 _c1990
350 _a0
490 _aLand & Minerals Surveying
_v8(2) February 1990, 61-66(6)
520 _aOn 18 October 1989 the Secretary of State for Defence announced that a range of Defence Support Agencies will be set up along Next Step principles. The Hydrographic Office will be the first of these, and start as an Agency on 1 April 1990. Examines the changes which will take place, starting with the historical background.
650 _aDEFENCE SUPPORT AGENCIES
650 _aHYDROGRAPHIC DEPARTMENT
650 _aNEXT STEPS INITIATIVE
690 _aLAND SURVEYING
690 _aMARINE RESOURCES
942 _n0
948 _c04/03/1997
999 _c21638
_d21638